Migraciones indígenas a la ciudades de México y Tijuana /
Este articulo revisa la literatura sobre la migración de poblaciones indígenas a las ciudades de México y Tijuana durante la segunda mitad del siglo XX
Shranjeno v:
| Glavni avtor: | |
|---|---|
| Format: | Texto |
| Teme: | |
| Oznake: |
Označite
Brez oznak, prvi označite!
|
MARC
| LEADER | 00000 a a2200000 04500 | ||
|---|---|---|---|
| 001 | 11654 | ||
| 003 | |||
| 040 | |||
| 100 | |a Velasco Ortiz, Laura | ||
| 245 | |a Migraciones indígenas a la ciudades de México y Tijuana / |c Laura Velasco Ortiz | ||
| 520 | |a Este articulo revisa la literatura sobre la migración de poblaciones indígenas a las ciudades de México y Tijuana durante la segunda mitad del siglo XX | ||
| 650 | |a MIGRACION | ||
| 650 | |a POBLACION INDIGENA | ||
| 650 | |a MEXICO | ||
| 773 | |g volumen 13, número 52; páginas 183-209 | ||
| 999 | |c 36957 |d 36957 | ||
